Toborzás és kiválasztás a közép-és nagyvállalatoknál

Bibliográfiai részletek
Szerző: Kocsis Fanni
További közreműködők: Benkei-Kovács Dr. Balázs
Dokumentumtípus: Diplomadolgozat
Kulcsszavak:interjú
középvállalatok
munkaerő kiválasztás
munkaerő toborzás
munkaerőpiac
nagyvállalatok
Online Access:http://dolgozattar.uni-bge.hu/60031

MARC

LEADER 00000nta a2200000 i 4500
001 dolg60031
005 20260409145909.0
008 260409suuuu hu om 000 hun d
040 |a BGE Dolgozattár Repozitórium  |b hun 
041 |a hu 
100 1 |a Kocsis Fanni 
245 1 0 |a Toborzás és kiválasztás a közép-és nagyvállalatoknál  |c Kocsis Fanni  |h [elektronikus dokumentum] 
520 3 |a A szakirodalmi részben bemutattam a Magyarországon élő fiatalok munkaerőpiaci helyzetét, a toborzás és kiválasztás fogalmát és fontosabb lépéseit, majd az interjúk szerepét a HR folyamatokban.A dolgozatom célja, hogy bemutassa, milyen szempontokat vesznek figyelembe a vállalatok a toborzás és kiválasztás során, hogyan vélekednek a munkavállalók a számukra ideális munkahelyi környezetről, valamint milyen szerepettöltenek be a különböző kiválasztási módszerek a jelölt alkalmasságának megítélésében.A kutatásaim során a munkaerő toborzás és kiválasztás témáját jártam körül, elsősorban annak gyakorlati megvalósulását vizsgálva különböző iparágakban. Elsődlegesen egy kvantitatív kutatást alkalmaztam,mellyel igyekeztem feltérképezni a munkavállalók elvárásait, preferenciáit és attitűdjeit az álláskereséssel kapcsolatban. A következő lépésként egy kvalitatív kutatási forma keretein belül interjús megkérdezést alkalmaztam, ahol félig strukturált kérdéssor alapján haladtam. 
695 |a interjú 
695 |a középvállalatok 
695 |a munkaerő kiválasztás 
695 |a munkaerő toborzás 
695 |a munkaerőpiac 
695 |a nagyvállalatok 
700 1 |a Benkei-Kovács Dr. Balázs  |e ths 
856 4 0 |u http://dolgozattar.uni-bge.hu/60031/1/Kocsis_Fanni_Szakdolgozat.pdf  |z Dokumentum-elérés 
856 4 0 |u http://dolgozattar.uni-bge.hu/60031/2/BKB_Kocsis%20Fanni_KSZ%20%C3%A9s%20MH%20b%C3%ADr%C3%A1lati%20lap%202025.pdf  |z Dokumentum-elérés 
856 4 0 |u http://dolgozattar.uni-bge.hu/60031/3/Kocsis_Fanni_b%C3%ADr%C3%A1lat.pdf  |z Dokumentum-elérés